000 00613nam a2200229Ia 4500
003 OSt
005 20221007064407.0
006 a|||||r|||| 00| 0
007 ta
008 221006b |||||||| |||| 00| 0 eng d
024 _a36,590
037 _cTextual
040 _aFLL
_cFLL
_beng
041 _2eng
_aeng
082 _aZ2,2674, P6
100 _aTalati A.P.
_9685738
245 0 _aCompetition act 2002
260 _aDelhi
_bCommercial Law Publishers India Pvt. Ltd. India
_c2006
300 _axlvi,864p
_ccm.
942 _hZ2,2674, P6
_cTEXL
_2CC
999 _c1133909
_d1133909